| 000 | 00770nam a2200217 i 4500 | ||
|---|---|---|---|
| 001 | 163438 | ||
| 003 | ES-MaACL | ||
| 005 | 20230906212735.0 | ||
| 008 | 991117s1898 fr a |||| | fre d | ||
| 100 | 1 |
_aRiat, Georges. _9131767 |
|
| 245 | 1 | 2 |
_aL'art des jardins / _cpar Georges Riat. |
| 260 |
_aParis : _bSociété Française d'Éditions d'Art : _bL.-H. May, _c[s.a.] ( _fImp. de Charles Hérissey) |
||
| 300 |
_a389 p. : _bil. ; _c21 cm. |
||
| 490 | 1 | _aBibliothèque de l'enseignement des beaux-arts | |
| 596 | _aFecha tomada de la bibliografía, 1898. | ||
| 650 | 0 | 4 |
_aJardinería. _9136318 |
| 650 | 4 |
_aJardines. _9151136 |
|
| 830 | 0 |
_aBibliothèque de l'enseignement des beaux-arts _9181140 |
|
| 852 |
_aES-MaACL _jB-2546 _z-- Enc. tela |
||
| 999 |
_c163438 _d163438 |
||